000 00655cam a2200229 4500500
005 20260405003223.0
041 _afre
042 _adc
100 1 0 _aEnjalbert, Cédric
_eauthor
245 0 0 _aGilles Deleuze vu par Pierre Ducrozet
260 _c2021.
500 _a24
690 _aConcept
690 _aDeleuze
690 _aDevenir
690 _aGilles Deleuze
690 _aLittérature
690 _aPierre Ducrozet
690 _aroman
786 0 _nPhilosophie magazine | 146 | 2 | 2021-02-01 | p. 59-59 | 1951-1787
856 4 1 _uhttps://shs.cairn.info/magazine-philosophie-magazine-2021-2-page-59?lang=fr&redirect-ssocas=7080
999 _c2065478
_d2065478